|
|
|
|
| LEADER |
00000nam0a2200000 4500 |
| 001 |
156810 |
| 005 |
20231031153410.0 |
| 010 |
|
|
|a 5708600594
|
| 020 |
|
|
|a RU
|b 94-7611
|
| 035 |
|
|
|a (RuTPU)RU\TPU\book\170061
|
| 090 |
|
|
|a 156810
|
| 100 |
|
|
|a 20090331d1994 c y0rusy5003 ca
|
| 101 |
0 |
|
|a rus
|
| 102 |
|
|
|a RU
|
| 105 |
|
|
|a a z 000ay
|
| 200 |
1 |
|
|a Перо Жар-птицы
|e русские народные сказки
|e для младшего школьного возраста
|f худож. Т. П. Шеварева
|
| 210 |
|
|
|a Москва
|c Кристина и Ольга
|d 1994
|
| 215 |
|
|
|a 96 с.
|c цв. ил.
|d 28 см
|
| 225 |
1 |
|
|a Путешествие в сказку
|
| 333 |
|
|
|a Исключено из фонда НТБ ТПУ
|
| 675 |
|
|
|a 811
|z rus
|
| 702 |
|
1 |
|a Шеварева
|b Т. П.
|4 440
|
| 801 |
|
0 |
|a RU
|b RuMRKP
|c 19950413
|g psbo
|
| 801 |
|
1 |
|a RU
|b 63413507
|c 20090331
|g PSBO
|
| 801 |
|
2 |
|a RU
|b 63413507
|c 20211217
|g PSBO
|
| 942 |
|
|
|c BK
|